Texas shrimp farming manual : An update on current technology
Kaydedildi:
| Materyal Türü: | Kitap |
|---|---|
| Dil: | Undetermined |
| Baskı/Yayın Bilgisi: |
Texas
Corpus Christi
1985
|
| Konular: | |
| Etiketler: |
Etiketle
Etiket eklenmemiş, İlk siz ekleyin!
|
| Thư viện lưu trữ: | Trung tâm Học liệu Trường Đại học Cần Thơ |
|---|
| LEADER | 00533nam a2200181Ia 4500 | ||
|---|---|---|---|
| 001 | CTU_150689 | ||
| 008 | 210402s9999 xx 000 0 und d | ||
| 082 | |a 639.63 | ||
| 082 | |b T355 | ||
| 245 | 0 | |a Texas shrimp farming manual : | |
| 245 | 3 | |b An update on current technology | |
| 245 | 0 | |c Edited by George W. Chamberlain | |
| 260 | |a Texas | ||
| 260 | |b Corpus Christi | ||
| 260 | |c 1985 | ||
| 650 | |a Aquaculture,Nuôi trồng thủy sản | ||
| 904 | |i Trọng Hải | ||
| 980 | |a Trung tâm Học liệu Trường Đại học Cần Thơ | ||